| 000 | 00597nam a22002057a 4500 | ||
|---|---|---|---|
| 008 | 240702b mp ||||| |||| 00| 0 mon d | ||
| 035 | _a26837 | ||
| 040 |
_aZA2481090 _bmon _cMN-UlNLM _dMN-UlNLM _erda |
||
| 041 | _amon | ||
| 042 | _a57943 | ||
| 084 |
_2NNA _a63.3 _bЛ-874 |
||
| 100 | _aЛхагва С. | ||
| 245 | 0 | _aХотгойдын дүүрэгч вангийн хошууны түүх | |
| 264 |
_aУлаанбаатар _c1997 |
||
| 300 | _a266х. | ||
| 336 |
_2rdacontent _atext _btxt |
||
| 337 |
_2rdamedia _aunmediated _bn |
||
| 338 |
_2rdacarrier _avolume _bnc |
||
| 942 |
_2NNA _cBK |
||
| 999 |
_c1094535 _d1094592 |
||